000
00349 a2200169 4500
001
182205
020
_a
82-0684
040
_c
Magnum
100
_a
Sabino, Fernando
240
1
0
_a
O menino no espelho
_l
por
245
1
0
_a
O menino no espelho
300
_a
196
362
0
_a
1986
440
1
_a
Record
697
_a
LITERATURA GERAL
942
_c
BK
999
_c
182205
_d
182205